| 000 | 00492nam a22001817a 4500 | ||
|---|---|---|---|
| 003 | OSt | ||
| 005 | 20240812094022.0 | ||
| 008 | 240812b |||||||| |||| 00| 0 eng d | ||
| 020 | _a978-81-264-7556-8 | ||
| 040 | _cSBCL | ||
| 082 |
_a894.8123 _bDHA-R |
||
| 100 | _aDharmajan,Akhil P | ||
| 245 | _aRam c/o Anandhi | ||
| 260 |
_aKottayam _bDC Books _c2024 |
||
| 300 | _a320p. | ||
| 650 |
_2Literature _aLiteratures of other languages _vAltaic, Uralic, Hyperborean & Dravidian |
||
| 942 | _cBOOK | ||
| 999 |
_c136207 _d136207 |
||